000 00561nam a22002177a 4500
003 OSt
005 20260514135439.0
008 260514b |||||||| |||| 00| 0 eng d
020 _a978-93-6254-918-1
040 _cSBCL
082 _a894.8123
_bBAS-A
100 _aBasheer,Vaikom Muhammad
245 _aAdhyathe Chumbanam
250 _a4th ed.
260 _aKottayam
_bDC Books
_c2026
300 _a166p.
630 _xLiterature
650 _aLiteratures of other languages
650 _aAltaic, Uralic, Hyperborean & Dravidian
942 _cBOOK
999 _c138160
_d138160